|
|
|
|
| LEADER |
00943nam a2200229 a 4500 |
| 001 |
2630233 |
| 008 |
090618s1999 ii a b 000 0 eng d |
| 010 |
|
|
|a 99023261
|
| 020 |
|
|
|a 0761993347 (US-pb)
|
| 020 |
|
|
|a 8170367999 (India-pb)
|
| 040 |
|
|
|a DLC
|c DLC
|d DLC
|
| 082 |
0 |
0 |
|a 658.8
|2 21
|
| 245 |
0 |
2 |
|a A manual for culturally-adapted social marketing :
|b health and population /
|c edited by T. Scarlett Epstein.
|
| 260 |
|
|
|a New Delhi ;
|a Thousand Oaks :
|b Sage Publications,
|c 1999.
|
| 300 |
|
|
|a 181 p. :
|b ill. ;
|c 25 cm.
|
| 504 |
|
|
|a Includes bibliographical references.
|
| 541 |
1 |
|
|e 00011843
|
| 650 |
|
0 |
|a Social marketing.
|
| 700 |
1 |
|
|a Epstein, T. Scarlett
|q (Trude Scarlett)
|
| 852 |
4 |
|
|a Ayesha Abed Library
|j General Shelf.
|
| 999 |
|
|
|c 1773
|d 1773
|
| 952 |
|
|
|0 0
|1 0
|2 ddc
|4 0
|6 658_800000000000000_MAN
|7 0
|9 1624
|a BRACUL
|b BRACUL
|c GEN
|d 2009-06-29
|g 0.00
|l 0
|o 658.8 MAN
|p 3010011843
|r 2019-04-03
|t 1
|w 2009-06-29
|y BK
|x No price found in the accession register.
|